Pesquerías y acuicultura en Chile: desafíos y oportunidades
Saved in:
| Main Authors: | , , , |
|---|---|
| Format: | Bog |
| Sprog: | spansk |
| Udgivet: |
Valparaíso
Ediciones Universitarias de Valparaíso
2012
|
| Udgivelse: | 1a. ed |
| Fag: | |
| Tags: |
Tilføj Tag
Ingen Tags, Vær først til at tagge denne postø!
|
MARC
| LEADER | 00000cam a2200000 a 4500 | ||
|---|---|---|---|
| 001 | UCG9856 | ||
| 003 | CL-VaPUC | ||
| 005 | 20221021074602.0 | ||
| 008 | 120412e20120000cl 1 spa d | ||
| 020 | |a 9789561704893 | ||
| 082 | 0 | 4 | |a 639.2 |b YAÑ |2 21 |
| 100 | 1 | |a Yáñez Rodríguez, Eleuterio |e author |9 621872 | |
| 700 | 1 | |a Plaza Vega, Francisco José |e author |9 621873 | |
| 700 | 1 | |a Barbieri Bellolio, María Angela |e author |9 621874 | |
| 700 | 1 | |a Rojas Pizarro, Pía Daniela |e author |9 621875 | |
| 245 | 1 | 0 | |a Pesquerías y acuicultura en Chile: desafíos y oportunidades |
| 250 | |a 1a. ed | ||
| 260 | |a Valparaíso |b Ediciones Universitarias de Valparaíso |c 2012 | ||
| 300 | |a 229 p | ||
| 583 | |a last modification |c 20190908 09:13:56 |k Rodrigo Vera | ||
| 650 | 0 | 0 | |a Industria pesquera |9 255432 |
| 650 | 0 | 0 | |a Acuicultura |9 258883 |
| 942 | |c BK | ||
| 945 | |a cmena |d 20120412 00:00:00 | ||
| 546 | |a En Español | ||
| 536 | |a Pontificia Universidad Católica de Valparaíso | ||
| 536 | |a Escuela de Ciencias del Mar | ||
| 536 | |a APROPECH | ||
| 518 | |p Jornadas sobre Pesquerías y Acuicultura en Chile, 13, Viña del Mar, 2-4 de septiembre de 2009 | ||
| 999 | |c 384670 |d 384668 | ||
| 952 | |0 0 |1 0 |4 0 |6 639_200000000000000_YAÑ_2012 |7 0 |8 CCM |9 507528 |a BIBCUR |b BIBCUR |d 2020-01-23 |i 485764K |o 639.2 YAÑ 2012 |p 485764K |r 2025-04-22 |w 2020-01-23 |y BK |k CIM | ||
| 952 | |0 0 |1 0 |4 0 |6 639_200000000000000_YAÑ_2012 |7 0 |8 CCM |9 507529 |a BIBCUR |b BIBCUR |d 2020-01-23 |i 4901983 |o 639.2 YAÑ 2012 |p 4901983 |r 2025-04-22 |w 2020-01-23 |y BK |k CIM | ||
| 952 | |0 0 |1 0 |4 0 |6 639_200000000000000_YAÑ_2012 |7 0 |8 CCM |9 507530 |a BIBCUR |b BIBCUR |d 2020-01-23 |i 4901991 |o 639.2 YAÑ 2012 |p 4901991 |r 2025-04-22 |w 2020-01-23 |y BK |k CIM | ||